[Event "Miedzyzdroje OB Seniors 24th"]
[Site "Miedzyzdroje"]
[Date "2016.06.19"]
[Round "3"]
[White "Hoppensack, Manfred"]
[Black "Poeltelt, Helmut"]
[Result "1-0"]
[WhiteElo "1945"]
[BlackElo "1758"]
[PlyCount "41"]
[EventDate "2016.06.17"]
[EventType "swiss"]
[EventRounds "9"]
[EventCountry "POL"]
[SourceTitle "EXT 2019"]
[Source "ChessBase"]
[SourceDate "2018.10.10"]
[SourceVersion "1"]
[SourceVersionDate "2018.10.10"]
[SourceQuality "1"]

1. e4 c5 2. Nf3 d6 3. d4 cxd4 4. Nxd4 Nf6 5. Nc3 a6 6. Be3 Qc7 7. Be2 e6 8. f4 Be7 9. 0-0 0-0 10. Qe1 b5 11. h3 Bb7 12. Bf3 Nbd7 13. Qg3 Nc5 14. e5 Nfe4 15. Nxe4 Nxe4 16. Bxe4 Bxe4 17. Nf3 Bxf3 18. Qxf3 Qxc2 19. Bd4 Rac8 20. Rac1 Rc4 21. b3 1-0

[Event "Berlin-ch Seniors op 32nd"]
[Site "Berlin"]
[Date "2016.02.04"]
[Round "9"]
[White "Poeltelt, Helmut"]
[Black "Radjenovic, Branko"]
[Result "1-0"]
[WhiteElo "1735"]
[BlackElo "1822"]
[PlyCount "121"]
[EventDate "2016.01.26"]
[EventType "swiss"]
[EventRounds "9"]
[EventCountry "GER"]
[SourceTitle "EXT 2019"]
[Source "ChessBase"]
[SourceDate "2018.10.10"]
[SourceVersion "1"]
[SourceVersionDate "2018.10.10"]
[SourceQuality "1"]

1. e4 Nf6 2. e5 Nd5 3. d4 d6 4. Nf3 Bg4 5. c4 Nb6 6. Qd3 g6 7. h3 Bf5 8. Qe3 Bg7 9. Nc3 0-0 10. g4 Bc8 11. b3 Nc6 12. Bb2 dxe5 13. dxe5 Nb4 14. Rc1 c6 15. a3 Na6 16. Rd1 Qc7 17. c5 Nd7 18. Bxa6 bxa6 19. e6 Nf6 20. exf7+ Rxf7 21. Ng5 Bh6 22. 0-0 e5 23. Bc1 Qe7 24. f4 exf4 25. Qxe7 Rxe7 26. Nf3 g5 27. Rd6 Kf7 28. Kf2 Bb7 29. Rfd1 Rae8 30. Nd4 Bf8 31. Nxc6 Rc7 32. Rxf6+ Kxf6 33. Nd5+ Kf7 34. Nxc7 Bxc5+ 35. Kf1 Re4 36. Nd8+ Ke7 37. Nxb7 Bd4 38. Re1 Rxe1+ 39. Kxe1 Kd7 40. Nxa6 Kc6 41. Nd8+ Kd5 42. h4 gxh4 43. Bxf4 Ke4 44. Ne6 Bb6 45. Kf1 Kf3 46. g5 h3 47. Bh2 Kg4 48. Nf8 Kxg5 49. Nxh7+ Kf5 50. Nf8 Ke4 51. Nd7 Be3 52. Nac5+ Kd4 53. Bg1 Bxg1 54. Kxg1 Kc3 55. Kh2 Kd4 56. Kxh3 Kd5 57. Kg4 Kc6 58. Kf5 a5 59. a4 Kd5 60. Kf6 Kd6 61. Nb7+ 1-0

[Event "Berlin-ch Seniors op 32nd"]
[Site "Berlin"]
[Date "2016.02.01"]
[Round "6"]
[White "Rehder, Frank"]
[Black "Poeltelt, Helmut"]
[Result "0-1"]
[WhiteElo "1888"]
[BlackElo "1735"]
[PlyCount "94"]
[EventDate "2016.01.26"]
[EventType "swiss"]
[EventRounds "9"]
[EventCountry "GER"]
[SourceTitle "EXT 2019"]
[Source "ChessBase"]
[SourceDate "2018.10.10"]
[SourceVersion "1"]
[SourceVersionDate "2018.10.10"]
[SourceQuality "1"]

1. d4 f5 2. c4 Nf6 3. Nf3 g6 4. g3 Bg7 5. Bg2 0-0 6. 0-0 d6 7. Qc2 c6 8. Nc3 Qc7 9. b4 a6 10. Bb2 Kh8 11. a4 e5 12. dxe5 dxe5 13. e3 e4 14. Nd4 Qe5 15. Nb3 Qe6 16. Ne2 Nbd7 17. Rfd1 Ne5 18. Rac1 Nd3 19. Nf4 Nxf4 20. exf4 Qe8 21. Bd4 Be6 22. Nc5 Rf7 23. Nxe6 Qxe6 24. Bb6 Nd7 25. Be3 Nf6 26. Bf1 Rd7 27. Rxd7 Nxd7 28. Rd1 Re8 29. c5 Nf6 30. Rd6 Qe7 31. Bc4 Ng4 32. Qd2 Nxe3 33. fxe3 Rb8 34. Kg2 Qf8 35. h4 Bf6 36. Rd7 Rd8 37. Rd6 Kg7 38. Qd1 h5 39. Rd7+ Rxd7 40. Qxd7+ Qe7 41. Qc8 Kh6 42. Be6 Bc3 43. Bd7 Bxb4 44. Qxb7 Qxc5 45. Qxa6 Qxe3 46. Qc8 Qf3+ 47. Kh3 Qh1# 0-1

[Event "Berlin Lichtenberger op 14th"]
[Site "Berlin"]
[Date "2015.08.19"]
[Round "5"]
[White "Poeltelt, Helmut"]
[Black "Wolff, Marie Antoinette"]
[Result "1-0"]
[WhiteElo "1752"]
[BlackElo "1643"]
[PlyCount "97"]
[EventDate "2015.08.15"]
[EventType "swiss"]
[EventRounds "9"]
[EventCountry "GER"]
[SourceTitle "EXT 2016"]
[Source "ChessBase"]
[SourceDate "2015.10.08"]
[SourceVersion "1"]
[SourceVersionDate "2015.10.08"]
[SourceQuality "1"]

1. e4 c5 2. Nc3 Nc6 3. g3 g6 4. Bg2 Bg7 5. Nge2 d6 6. d3 Nf6 7. 0-0 0-0 8. h3 Bd7 9. f4 e6 10. g4 Qc8 11. Ng3 Nd4 12. Nce2 Bc6 13. c3 Nxe2+ 14. Qxe2 Nd7 15. f5 exf5 16. gxf5 Qc7 17. Qf2 Rac8 18. Bg5 Nf6 19. Qf4 Rfe8 20. Qh4 Nd7 21. f6 Bh8 22. Rf4 Ne5 23. Qh6 Re6 24. Raf1 Nd7 25. h4 Qd8 26. Bh3 Re5 27. h5 Qf8 28. hxg6 Qxh6 29. gxf7+ Kxf7 30. Bxh6 Rg8 31. Bg7 Rg5 32. Kh2 Ne5 33. Nf5 Bxg7 34. fxg7 Kg6 35. Ne7+ Kxg7 36. Nxg8 Kxg8 37. Be6+ Kg7 38. d4 cxd4 39. cxd4 Rh5+ 40. Kg3 Ng6 41. Rf7+ Kh6 42. Bf5 Rg5+ 43. Kf2 Rh5 44. Rg1 Rh2+ 45. Rg2 Rh4 46. d5 Be8 47. Rxb7 Rh5 48. Rxa7 Rg5 49. Rxh7+ 1-0